A course in thermodynamics /
Guardado en:
| Autor Principal: | |
|---|---|
| Formato: | Libro |
| Idioma: | English |
| Publicado: |
Washington :
Hemisphere Pub. Corp.,
c1979.
|
| Edición: | Revised printing. |
| Series: | Series in thermal and fluids engineering
|
| Materias: | |
| Etiquetas: |
Agregar Etiqueta
Sin Etiquetas, Sea el primero en etiquetar este registro!
|
| LEADER | 00919pam a22002655a 4500 | ||
|---|---|---|---|
| 001 | EIQ.libpla000530 | ||
| 008 | 780321s1979####dcua#####b####001#0#eng#d | ||
| 005 | 20060308171134.0 | ||
| 245 | 1 | 2 | |a A course in thermodynamics / |c Joseph Kestin. |
| 250 | |a Revised printing. | ||
| 260 | |a Washington : |b Hemisphere Pub. Corp., |c c1979. | ||
| 300 | |a 2 v. : |b il., tablas ; |c 25 cm. | ||
| 440 | 0 | |a Series in thermal and fluids engineering | |
| 504 | |a Incluye referencias bibliográficas e índice. | ||
| 020 | |a 0070342822 (v.1) | ||
| 100 | 1 | |a Kestin, Joseph. | |
| 082 | 0 | 0 | |a 536.7 |
| 650 | 4 | |a Termodinámica |x Tablas. | |
| 650 | 4 | |a Termodinámica |x Curso. | |
| 650 | 0 | |a Thermodynamics |x Course. | |
| 650 | 4 | |a Thermodynamics |x Tables. | |
| 010 | |a 78005491 | ||
| 040 | |a DLC |c DLC |d AR-BbSID | ||
| 859 | |a AR-BbSID |b BIB. PLAPIQUI |h 536.7 |i K 489 |p 338 |v Vol. 1 |3 Vol. 1 | ||
| 859 | |a AR-BbSID |b BIB. PLAPIQUI |h 536.7 |i K 489 |p 339 |v Vol. 2 |3 Vol. 2 | ||
